[Event "I IRT CXG 2025"]
[Site "Rio de Janeiro"]
[Date "2025.04.19"]
[Round "8.4"]
[White "Ramos, Angelo Bil"]
[Black "Brito, Vicente De Paulo Al"]
[Result "1-0"]
[WhiteElo "1995"]
[BlackElo "1880"]
[Annotator "Chessbase - SF 17.1"]
[PlyCount "69"]
[EventDate "2025.??.??"]
[EventCountry "BRA"]

1. d4 {[%eval 17,0]} Nf6 {[%eval 19,0]} 2. c4 {[%eval 18,0]} g6 {[%eval 19,0]} 3. Nc3 {[%eval 21,0]} Bg7 {[%eval 51,0]} 4. e4 {[%eval 4,0]} d6 {[%eval 55,0]} 5. Be2 {[%eval 51,0]} O-O {[%eval 48,0]} 6. Bg5 {[%eval 18,0]} h6 {[%eval 41,0]} 7. Bf4 {[%eval 8,0]} c5 {[%eval 34,0]} 8. d5 {[%eval 35,0]} a6 {[%eval 73,0][%cal Bb7b5]} 9. Qd2 {[%eval 5,0]} (9. Qc1 Kh7 10. Nf3 b5 11. cxb5 axb5 12. Bxb5 Nxe4 13. Nxe4 Qa5+ 14. Nc3 Bxc3+ 15. bxc3 Qxb5 16. c4 Qb4+ 17. Bd2 Qa3 18. Bxh6 Qxc1+ 19. Bxc1 Ra4 20. Nd2 Ba6 21. O-O Nd7 22. Re1 Ne5 23. f4 Nxc4) 9... Kh7 {[%eval 76,0][%cal Bb7b5]} 10. f3 $6 {[%eval 5,0] Inaccuracy. h4 was best.} (10. h4 b5 (10... Nbd7 11. g4 b5 12. g5 b4 13. Nd1 Nxe4 14. Qc2 f5 15. f3 Nef6) 11. cxb5 axb5 12. Bxb5 Ba6 (12... Qb6 13. f3 Nh5 14. Be3 Bxc3 15. bxc3 Qxb5 16. Bxh6 Ng3 17. Bxf8 Qf1#) 13. Be2 Nbd7 14. h5 g5 15. Bxa6 gxf4 16. Bd3 Ne5 17. Be2 Qb6 18. Nf3 Nxf3+ 19. Bxf3 Nd7 20. O-O Ne5 21. Be2 Rg8 22. Kh1 c4 23. Qxf4 Qxb2 24. Qc1 Qxc1) (10. a4 Nbd7 (10... Ne8 11. Nf3 e5 12. dxe6 Bxe6 13. Nd5 Nc6 14. a5 Bxd5 15. exd5 Nb4 16. O-O f5 17. h4 Nf6 18. Rfe1 Ne4 19. Qc1 Qf6 20. Rb1 Rae8 21. g3 Re7 22. Bf1 Rfe8 23. Nd2 Nxf2 24. Rxe7 Qxe7) 11. Nf3 Ng4 12. Bg3 Qa5 13. O-O Nge5 14. Nxe5 Nxe5 15. f4 Nd7 16. Bd3 Nf6 17. Rae1 Nh5 18. Bh4 Bf6 19. Bxf6 exf6 20. e5 f5 21. exd6 Qb6 22. Re7 Nf6 23. Qe2 Kg8 24. h3 Qxd6 {Rogers,I (2600)-Barcenilla,R (2465) Singapore 1997 1-0 (56)}) 10... Ne8 $6 $146 {[%eval 82,0][%cal Bb7b5] Inaccuracy. b5 was best.} (10... b5) (10... Qa5 11. g4 Nbd7 12. h4 (12. Nh3 Ne5 13. Nf2 Bd7 14. Bxe5 dxe5 15. Nd3 Ne8 16. O-O Nd6 17. b3 b5 18. Nxc5 Qb6 19. b4 Nb7 20. cxb5 Nxc5 21. bxc5 Qxc5+ 22. Kh1 axb5 23. Nxb5 Bxb5 24. Rac1 Qd4 25. Qxd4 {Oliveira,T (2010)-Alvares,P (1934) COPE-Prepara Enem / Paz Unive 2024 ½-½ (60)}) 12... h5 13. Nh3 b5 14. cxb5 axb5 15. Nxb5 Qxd2+ 16. Kxd2 hxg4 17. Ng5+ Kg8 18. fxg4 Nb6 19. h5 Nxg4 20. Nc3 Na4 21. Rag1 Nxc3 22. Bxg4 Bxg4 23. Rxg4 Rxa2 24. hxg6 Rxb2+ 25. Ke3 {Navratilik,P (2142)-Tikovsky,A (2214) Czech Republic 2013 0-1 (34)}) (10... Nbd7 11. Nh3 Rb8 12. Nf2 Ne5 13. Qc2 e6 14. a4 Ne8 15. Be3 Nc7 16. f4 Nd7 17. a5 exd5 18. cxd5 b5 19. axb6 Rxb6 20. O-O Nb5 21. Nxb5 axb5 22. Ra8 Ra6 23. Rxa6 Bxa6 24. Ra1 Qb6 25. h4 {Barsov,A (2440)-Verdonk,R (2270) Purmerend 1993 ½-½ (57)}) 11. g4 {[%eval 16,0] White is better.} (11. a4 Nd7) 11... e6 $6 {[%eval 75,0] Inaccuracy. b5 was best.} (11... b5 12. h4 bxc4 13. Be3 Nd7 14. f4 Bxc3 15. Qxc3 Ndf6 16. Nh3 Bxg4 17. Bxg4) 12. h4 {[%eval 79,0]} exd5 {[%eval 99,0]} 13. exd5 {[%eval 78,0]} Nd7 {[%eval 86,0][%cal Bb7b5,Bb8d7,Bd7e5,Be5c4][%mdl 32]} 14. Nh3 {[%eval 79,0]} Ne5 {[%eval 107,0]} (14... Qxh4+ $2 15. Nf2 Qf6 16. Nfe4 $18 (16. Bxh6 Kg8 $18)) 15. Nf2 $2 {[%eval -47,22] [%wdl 4,877,119] Mistake. a4 was best. [#]} (15. h5 $16 {[%eval 107,22] [%wdl 565,435,0]}) (15. a4 f5) 15... Bd7 $2 {[%eval 8,0][%cal Bb7b5] Mistake. b5 was best.} (15... b5 16. Bxe5) 16. Qc2 $2 {[%eval 44,0] Mistake. Bxh6 was best.} (16. Bxh6 Bxh6) 16... Kg8 $2 {[%eval 98,0][%cal Bb7b5] Mistake. f5 was best.} (16... b5 {with more complications.} 17. h5 Qf6 18. Qe4 Nc7) (16... f5 17. g5) 17. Bd2 $4 {[%eval -91,25] [%wdl 1,586,413] Blunder. Qd2 was best.} (17. Qd2) 17... b5 $17 {[%eval 94,0]} 18. cxb5 $6 {[%eval -6,0] Inaccuracy. O-O-O was best.} (18. O-O-O f5 19. Rdg1 Qe7 20. Re1 fxg4 21. Nxg4 Bf5 22. Qb3 bxc4 23. Bxc4 Bxg4) 18... axb5 {[%eval -14,0]} 19. f4 {[%eval -53,0]} Nc4 {[%eval -193,0]} 20. Bxc4 {[%eval -196,0]} bxc4 {[%eval -18,0]} 21. h5 {[%eval -189,0]} gxh5 $4 {[%eval -42,26] [%wdl 1,935,64] Blunder. Nf6 was best.} (21... Nf6 22. hxg6 (22. O-O-O Nxg4 23. Nxg4 Bxg4 24. hxg6 Bxd1 25. gxf7+ Rxf7 26. Qxd1 Qf6 27. Rg1) 22... Nxg4 23. Nxg4 Bxg4) 22. g5 $6 {[%eval 86,0] Inaccuracy. O-O-O was best.} (22. O-O-O) 22... Qc8 {[%eval 76,0]} 23. gxh6 {[%eval -72,0]} Bf5 $6 {[%eval 31,0] Inaccuracy. Bd4 was best.} (23... Bd4 24. Rg1+ Bg4 25. Rg2 f5 26. Nb5 Qb7 27. Nxg4 fxg4 28. Re2 g3 29. Qxc4) 24. Nfe4 {[%eval 82,0]} Nf6 $4 {[%eval 111,24] [%wdl 631,369,0] Blunder. Bd4 was best.} (24... Bd4 25. Rxh5 Kh8) 25. hxg7 $4 {[%eval -272,25] [%wdl 0,0,1000][%mdl 8192] Blunder. Rg1 was best.} (25. Rg1 Nxe4 26. Rxg7+ Kh8 27. Nxe4 Bxe4 28. Qxc4 (28. Qxe4 Re8 $17)) 25... Re8 $19 {[%eval -166,0]} 26. O-O-O {[%eval -198,0]} Bxe4 $4 {[%eval 113,26] [%wdl 657,343,0] Blunder. Nxe4 was best.} (26... Nxe4 27. Rxh5 Ng3 28. Rxf5 Qxf5 29. Rg1 Qxc2+ 30. Kxc2 Nf5 31. a3 Nd4+ 32. Kb1) 27. Nxe4 $16 {[%eval 145,0]} Rxe4 {[%eval 139,0]} 28. Bc3 $40 {[%eval 134,0][%mdl 128] White has strong attack.} Rxf4 {[%eval 455,21] [%wdl 1000,0,0][%mdl 8192]} (28... Rxa2 29. Qb1 (29. Bxf6 Ra1+ 30. Kd2 Qf5) 29... Ra8 30. Bxf6 Qf5 31. Rhf1 h4 32. Bc3 h3 33. Rfe1 Rae8 34. Rxe4) 29. Bxf6 $18 {[%eval 404,0][%cal Bh1h5][%mdl 64] [#] Remove Defender} Rxf6 $2 {[%eval 1455,28] [%wdl 1000,0,0] Mistake. h4 was best.} (29... Qg4 {[%eval 465,24] [%wdl 1000,0,0]} 30. Rdg1 Qf3) (29... h4 30. a3 h3 31. Bc3 Rf3 32. Rdg1 Rd3 33. Kb1 Qf5 34. Re1 f6 35. Ka1) 30. Rxh5 {[%eval 701,0][%csl Gh5][%cal Rc2h7]} Kxg7 {[%eval 695,0]} 31. Qh7+ {[%eval 687,0]} Kf8 {[%eval 671,0]} 32. Qh8+ {[%eval 1159,20] [%wdl 1000,0,0]} (32. Re1 {[%eval 32752,42] [%wdl 1000,0,0]} Qe6 33. dxe6 Ke8 34. exf7+ Kd8 35. f8=Q+ Rxf8 36. Qe7+ Kc8 37. Rh7 Rf7 38. Rxf7 Rxa2 39. Rf8#) 32... Ke7 {[%eval 581,0] White is clearly winning.} 33. Re1+ {[%eval 651,0]} Re6 {[%eval 647,0]} 34. Rxe6+ {[%eval 611,0]} Qxe6 {[%eval 561,0]} 35. dxe6 {[%eval 605,0] Weighted Error Value: White=0.89/Black=1.33 PRECISÃO STOCKFISH 17.1: BRANCAS 83% PRETAS 76%} (35. Qxa8 Qe1+ 36. Kc2 Qe2+ 37. Kc1 Qe1+ 38. Kc2 Qe2+ 39. Kc1 Qxh5 $17) 1-0

[Event "I IRT CXG 2025"]
[Site "Rio de Janeiro"]
[Date "2025.04.19"]
[Round "8.5"]
[White "Nogueira, Adnilton Correia de"]
[Black "Rabello, David Sousa"]
[Result "0-1"]
[WhiteElo "1745"]
[BlackElo "1894"]
[Annotator "Chessbase - SF 17.1"]
[PlyCount "62"]
[EventDate "2025.??.??"]
[EventCountry "BRA"]

1. d4 {[%eval 17,0]} Nf6 {[%eval 19,0]} 2. Nf3 {[%eval 11,0]} e6 {[%eval 14,0]} 3. Bf4 {[%eval 3,0]} c5 {[%eval 1,0]} 4. c3 {[%eval 0,0]} d5 {[%eval 6,0]} 5. e3 {[%eval 0,0]} c4 {[%eval 45,0]} 6. Bxb8 $6 {[%eval 46,0] Inaccuracy. b3 was best.} (6. Nbd2 Nh5 (6... Bd6 7. Bg3 Nc6 8. Ne5 Qc7 9. Nxc6 Bxg3 10. hxg3 Qxc6 11. a4 a5 12. b3 b5 13. axb5 Qxb5 14. bxc4 Qb2 15. Qc1 Qxc1+ 16. Rxc1 a4 17. c5 Ba6 18. Bxa6 Rxa6 19. Ra1 O-O 20. Ra3 Rb8 {Garcia Carcedo,J (1778)-Aranda Perez,I (1440) Madrid 2014 1-0 (35)}) 7. Bg5 Be7 8. Bxe7 Qxe7 9. Ne5 Nf6 10. b3 cxb3 11. axb3 O-O 12. Bd3 Nfd7 13. Qh5 g6 14. Qe2 Nxe5 15. dxe5 f6 16. exf6 Qxf6 17. Rc1 Nc6 18. O-O Bd7 19. e4 Ne5 20. f4 Nxd3 {Dekany,L (2166)-Bereczki,I (2136) Hungary 2007 ½-½ (55)}) (6. b3 cxb3 7. axb3 a5 8. Bb5+ Bd7 9. Bd3 Be7 10. h3 Bc6) 6... Rxb8 {[%eval 48,0]} 7. Ne5 $146 {[%eval 49,0]} (7. Qa4+ Bd7 8. Qxa7 Qc8 9. Bxc4 Ra8 10. Qxa8 Qxa8 11. Bd3 Bd6 12. Nbd2 O-O 13. O-O Qa5 14. Rfc1 Qb6 15. b3 Rc8 16. c4 Bb4 17. a3 Bxd2 18. Nxd2 dxc4 19. bxc4 Qb2 20. Nf3 Ng4 21. Rf1 Bc6 {Durant,C (1938)-Noizet,D (1940) France 2012 0-1 (41)}) 7... Qb6 $6 {[%eval 14,0] Inaccuracy. Qc7 was best.} (7... Qc7 8. a4 Bd6 9. b3 Bxe5 10. dxe5 Qxe5 11. bxc4 O-O 12. cxd5) 8. Qc2 $6 {[%eval 64,0] Inaccuracy. b3 was best. The position is equal.} (8. b3) 8... Bd6 {[%eval 44,0]} 9. Nd2 {[%eval 79,0]} O-O {[%eval 44,0]} 10. Be2 {[%eval 63,0]} Qc7 {[%eval 58,0]} 11. f4 {[%eval 66,0]} Nd7 {[%eval 47,0]} 12. Bg4 {[%eval 66,0]} Re8 {[%eval 48,0]} (12... Bxe5 13. fxe5 f5 14. Be2) 13. O-O {[%eval 47,0]} f6 {[%eval 39,0][%cal Bf7f6,Bf6e5,Be5e4][%mdl 32]} 14. Nxd7 {[%eval 41,0]} Bxd7 {[%eval 45,0]} 15. Rf3 {[%eval 75,0]} e5 {[%eval 54,0]} 16. Bxd7 {[%eval 42,0]} Qxd7 {[%eval 6,0]} 17. Rh3 $6 {[%eval -64,0] Inaccuracy. fxe5 was best.} (17. fxe5 fxe5) 17... g6 {[%eval 97,0]} 18. fxe5 {[%eval -95,0]} fxe5 {[%eval -97,0]} 19. Nf3 {[%eval -95,0]} e4 {[%eval -99,0]} 20. Nd2 {[%eval -308,25] [%wdl 0,0,1000] [#]} (20. Ne5 Bxe5 (20... Qe7 21. Rg3 Rf8 22. Rg4 Bxe5 23. dxe5 Qxe5 24. Rd1 Rf7 25. h3 Rbf8) 21. dxe5) 20... Qg4 {[%eval -123,0]} 21. Nf1 {[%eval -125,0]} Rf8 {[%eval -127,0]} 22. b3 {[%eval -135,0]} Rf6 $4 {[%eval -42,23] [%wdl 1,956,43] Blunder. b5 was best.} (22... b5 23. Ng3 h5 (23... Qg5 24. Qd2 a5 25. Ne2 Rf7 26. Nf4 Bxf4 27. exf4 Rxf4 28. Qc1)) 23. Qd1 $4 {[%eval -330,24] [%wdl 0,0,1000][%mdl 8192] Blunder. bxc4 was best.} (23. bxc4 dxc4 24. Ng3) 23... Qg5 {[%eval -167,0]} (23... Qf5 24. Qe2 b5 25. Ng3 $19) 24. bxc4 {[%eval -196,0]} Rbf8 {[%eval -126,0][%mdl 64] Zwischenzug} (24... dxc4 25. Nd2 Qd5 26. a4 $14) 25. Qe2 {[%eval -134,0] [#]} Rf2 $1 {[%eval -123,0]} 26. Qxf2 {[%eval -141,0]} Rxf2 {[%eval -138,0]} 27. Kxf2 {[%eval -169,0]} dxc4 {[%eval -194,0]} 28. Nd2 $6 {[%eval -233,0] Inaccuracy. Ng3 was best.} (28. Ng3 b5) 28... Qa5 {[%eval -231,0]} 29. Nxe4 {[%eval -361,0]} (29. Nxc4 Qxc3 30. Nxd6 Qxa1 31. Nxe4 Qxa2+ 32. Kf3 b5 $19) 29... Qf5+ {[%eval -349,0] Black is clearly winning.} 30. Rf3 {[%eval -314,0]} Qxe4 {[%eval -394,0]} 31. Rf6 $6 {[%eval -770,22] [%wdl 0,0,1000] Inaccuracy. Kg1 was best.} (31. Kg1 b5 32. a3 a5 33. Raf1 Bxa3 34. Rf4 Qe7 35. e4 b4 36. e5 b3) 31... Bxh2 $6 {[%eval -456,0] Inaccuracy. Qh4+ was best. Weighted Error Value: White=0.65/Black=0.38 PRECISÃO STOCKFISH 17.1: BRANCAS 85% PRETAS 90%} (31... Qh4+ 32. Ke2 Qxf6 33. Rf1 Qg5 34. g3 Qg4+ 35. Rf3 Qe4 36. d5 Qc2+ 37. Kf1) 0-1

[Event "I IRT CXG 2025"]
[Site "Rio de Janeiro"]
[Date "2025.04.26"]
[Round "9.1"]
[White "Rabello, David Sousa"]
[Black "Macario, Jorge Luiz das Chag"]
[Result "1/2-1/2"]
[WhiteElo "1894"]
[BlackElo "1787"]
[Annotator "Chessbase - SF 17.1"]
[PlyCount "128"]
[EventDate "2025.??.??"]
[EventCountry "BRA"]

1. e4 {[%eval 18,0]} c6 {[%eval 23,0]} 2. Nf3 {[%eval 17,0]} d5 {[%eval 24,0]} 3. Nc3 {[%eval 2,0]} Bg4 {[%eval 27,0]} 4. h3 {[%eval 17,0]} Bxf3 {[%eval 28,0]} 5. Qxf3 {[%eval 16,0]} e6 {[%eval 24,0]} 6. exd5 {[%eval 0,0]} cxd5 {[%eval 0,0]} 7. Bb5+ {[%eval 14,0]} Nc6 {[%eval 4,0]} 8. O-O {[%eval 3,0]} Nf6 {[%eval 8,0]} 9. Re1 {[%eval 23,0]} (9. d3 Rc8 10. Bg5 Be7 11. Ne2 O-O 12. Bxc6 Rxc6 13. c3 Nd7 14. Bxe7 Qxe7 15. Rfe1 Qd6 16. Nf4 b5 17. a3 {Inhibits b4.} a5 18. d4 b4 19. axb4 axb4 20. Re3 Nf6 21. Re5 bxc3 22. bxc3 Ne4 23. Ne2 Qc7 {Grbac,B (2305)-Dizdarevic,E (2495) Pula 1996 0-1 (66)}) 9... Be7 {[%eval 17,0]} 10. d3 {[%eval 24,0]} O-O {[%eval 2,0]} 11. Bf4 $146 {[%eval 67,0]} (11. Be3 $2 {[%eval -388,20] [%wdl 0,0,1000][%mdl 8192] 11.xc6 -0.19} Qc7 $2 {[%eval -14,27] [%wdl 7,970,23]} (11... d4 $19 {[%eval -388,20] [%wdl 0,0,1000]} 12. Bxc6 bxc6) 12. Ba4 $2 {[%eval -183,23] [%wdl 0,26,974]} (12. d4 {[%eval -14,27] [%wdl 7,970,23]}) 12... a6 $2 {[%eval -22,26] [%wdl 5,962,33]} (12... d4 $19 {[%eval -183,23] [%wdl 0,26,974]} 13. Bf4 e5 14. Bxc6 dxc3 15. Bxb7 cxb2) 13. a3 $2 {[%eval -192,22] [%wdl 0,18,982]} (13. Bxc6 {[%eval -22,26] [%wdl 5,962,33] and White has nothing to worry.} bxc6 14. Bg5) 13... b5 14. Bb3 Rab8 15. Bf4 Bd6 16. Bg5 Be7 17. Bf4 Bd6 18. Bg5 Nd7 19. Ne2 h6 20. Bf4 Bxf4 21. Nxf4 Nd4 22. Qg3 Nxb3 23. cxb3 Nf6 24. Rac1 {Inhibits Qc2.} Qe7 25. Rc6 Ra8 {Gulamirian,K (1890)-Lopez Abreu,M (2038) chess.com INT 2024 0-1 (48)}) (11. Bxc6 bxc6 12. Bf4 Qa5 (12... Qb6 13. Rab1 Bb4 14. a3 Bxc3 15. bxc3 Qa5 16. Rb3 Nd7 {[%cal Be6e5]} 17. Be5 $4 {[%eval -206,26] [%wdl 0,3,997][%mdl 8192]} (17. Qg3 $18 {[%eval 217,25] [%wdl 998,2,0] and all is fine.}) 17... Nxe5 $19 18. Rxe5 Rab8 {...Rxb3 is the strong threat.} 19. Rb4 Rxb4 20. cxb4 Qxa3 {Threatens to win with ...Qa1+.} 21. Qf4 a5 22. bxa5 Qxa5 23. c4 Qc7 {Hoping for ...f6.} 24. cxd5 f6 $2 {[%eval -14,26] [%wdl 1,992,7]} (24... cxd5 $19 {[%eval -173,26] [%wdl 0,14,986]} 25. Re4 Qc2) 25. Re4 (25. d6 $5 Qxd6 26. Re4 $17) 25... Qxf4 {Markiewicz,M (1800)-Czechowski,P (1800) Ciechocinek 2002 0-1 (48)}) 13. Ne2 Qb4 14. Rab1 Bd6 15. a3 Qb8 $1 16. Bg5 Be5 17. b4 Nd7 18. Kh1 Qc7 19. c4 a5 20. d4 Bf6 21. Bf4 Qa7 22. Bd6 (22. b5 $5 {[%cal Rb5c6]}) 22... Rfe8 23. c5 axb4 24. axb4 Qb7 25. Qb3 e5 {Terzidaki,A (1795)-Barogianni,S (1405) Athens 2008 1-0 (37)}) 11... Rc8 {[%eval 4,0]} (11... Nd4 $5 {[%cal Rd4f3]} 12. Qd1 Bd6 $15) 12. Ba4 {[%eval 6,0]} a6 {[%eval 25,0]} 13. Rad1 $4 {[%eval -279,19] [%wdl 0,0,1000][%mdl 8192] Blunder. Ne2 was best.} (13. Ne2 b5 14. Bb3 Bd6 15. c3 Bxf4 16. Qxf4 Qb6 17. Rec1 Rfe8 18. Qe3 Qxe3) 13... b5 $19 {[%eval -129,0]} 14. Bb3 {[%eval -131,0]} Re8 $4 {[%eval -42,24] [%wdl 2,923,75] Blunder. Nd4 was best.} (14... Nd4 15. Qg3 Nh5 16. Qg4 Nxf4 17. Qxf4 Bf6 18. Rb1 Rc6 19. a4 Qb8 20. Qxb8) 15. d4 {[%eval 37,0]} Na5 {[%eval 5,0]} 16. Qd3 {[%eval 61,0]} Nc4 {[%eval 57,0]} 17. Bxc4 {[%eval 43,0]} Rxc4 {[%eval 55,0]} 18. Ne2 {[%eval 56,0]} Ne4 {[%eval 25,0]} 19. f3 {[%eval 71,0]} Nf6 {[%eval 33,0]} 20. c3 {[%eval 48,0]} Qb6 {[%eval 47,0]} 21. Be5 {[%eval 53,0]} Nd7 {[%eval 52,0]} 22. Bg3 {[%eval 55,0]} Bd6 {[%eval 31,0]} 23. Nf4 $6 {[%eval -216,21] [%wdl 0,3,997] Inaccuracy. Bxd6 was best.} (23. Bxd6 Qxd6 24. Qd2) 23... Nf6 {[%eval 85,0] White must now prevent ...Qc7.} 24. Kf1 $2 {[%eval -260,23] [%wdl 0,0,1000] Mistake. Ne2 was best.} (24. Ne2 Bxg3) 24... Qc7 {[%eval -169,0]} 25. Qd2 {[%eval -153,0]} h6 {[%eval -155,0]} 26. Kf2 {[%eval -151,0]} b4 {[%eval -173,0][%cal Rb4c3]} 27. Rc1 {[%eval -133,0]} Rc8 {[%eval -132,0][%cal Rb4c3]} 28. Ne2 {[%eval -133,0]} Bxg3+ {[%eval -144,0]} 29. Nxg3 {[%eval -194,0]} bxc3 {[%eval -195,0]} 30. bxc3 {[%eval -195,0]} Rxc3 {[%eval -154,0]} 31. Ne2 {[%eval -129,0]} Rc6 $6 {[%eval -94,0] Inaccuracy. Rc4 was best.} (31... Rc4 32. h4 Ne8 33. Rxc4 dxc4 34. Qf4 Qd7 35. g4 c3 36. g5 h5 37. Rc1) 32. a4 $6 {[%eval -115,0] Inaccuracy. Rxc6 was best.} (32. Rxc6 Qxc6 33. Rc1 Qb7 34. Rxc8+ Qxc8 35. Qb4 Qc7 36. Qa3 a5 37. h4 Qd8) 32... Qa7 $6 {[%eval -3,0] Inaccuracy. Rc4 was best.} (32... Rc4 33. Rxc4 dxc4 34. Nc3 Qa5 35. Rd1 Rd8 36. Kg1 Nd5 37. Nxd5 Qxd5 38. Qb4) 33. Kf1 $6 {[%eval -117,0] Inaccuracy. Rxc6 was best.} (33. Rxc6 Rxc6 34. Rb1 Nd7 35. Qa5 Nb6 36. h4 g6 37. h5 g5 38. g3 Kh7) 33... Rc4 {[%eval -119,0]} 34. Rxc4 {[%eval -102,0]} Rxc4 $6 {[%eval -177,0] Inaccuracy. dxc4 was best.} (34... dxc4 35. Nc3 Rd8 36. Rd1 Qc7 37. Re1 Nd5 38. Nxd5 Rxd5 39. Qc3 Ra5 40. Re4) 35. Rc1 {[%eval -184,0]} Qc7 {[%eval -184,0]} 36. Rxc4 $6 {[%eval -417,21] [%wdl 0,0,1000] Inaccuracy. a5 was best.} (36. h4 {[%eval -260,27] [%wdl 0,0,1000]}) (36. a5 Ne8 37. Rxc4 dxc4 38. Qb4 Nf6 39. Nc3 Nd5 40. Nxd5 exd5 41. Ke2 Qc8) 36... dxc4 {[%eval -112,0][%mdl 4096] Endgame KQN-KQN} (36... Qxc4 37. a5 $17) 37. Qb4 {[%eval -248,0]} Nd5 {[%eval -213,0]} 38. Qc5 {[%eval -221,0]} Qxc5 {[%eval -225,0]} 39. dxc5 {[%eval -245,0] KN-KN} Kf8 {[%eval -295,0]} 40. Nd4 {[%eval -293,0]} Ke8 {[%eval -294,0]} 41. g3 {[%eval -229,0]} Kd7 {[%eval -244,0]} 42. f4 {[%eval -239,0]} g6 {[%eval -228,0]} 43. Ke1 {[%eval -292,0]} f6 $6 {[%eval -112,0] Inaccuracy. Nc3 was best.} (43... Nc3 44. c6+ Kd6 45. Nf3 f6 46. Nd2 Kxc6 47. Nxc4 Nxa4 48. Ne3 f5 49. Ng2) 44. Kd2 {[%eval -116,0]} e5 {[%eval -125,0]} 45. fxe5 {[%eval -117,0]} fxe5 {[%eval -194,0]} 46. Nf3 {[%eval -137,0]} e4 $4 {[%eval -5,29] [%wdl 2,994,4] Blunder. Ke6 was best.} (46... Ke6 47. Kc2 h5) 47. Ne5+ {[%eval 78,0]} Kc7 {[%eval 32,0]} 48. Nxc4 $6 {[%eval -83,0] Inaccuracy. h4 was best.} (48. h4) 48... Kc6 {[%eval -56,0]} 49. Ne5+ {[%eval -82,0]} Kxc5 {[%eval -77,0] [#] Strongly threatening ...Kb4.} 50. Nxg6 {[%eval 9,0]} Kd4 $6 {[%eval 11,0] Inaccuracy. Kb4 was best.} (50... Kb4) 51. a5 {[%eval 16,0]} e3+ {[%eval 26,0]} 52. Ke2 {[%eval 22,0]} Ke4 {[%eval 3,0]} 53. g4 {[%eval 5,0]} Nc3+ {[%eval 1,0]} 54. Ke1 {[%eval 11,0]} Nd5 {[%eval 19,0]} 55. h4 {[%eval 7,0]} Nb4 {[%eval 2,0]} 56. h5 {[%eval 6,0]} Kf3 {[%eval 12,0] (  ...Nd3+)} 57. Ne5+ {[%eval 18,0]} Kf4 {[%eval 32,0]} 58. Nf7 $4 {[%eval -591,26] [%wdl 0,0,1000][%mdl 8192] Blunder. Nc4 was best.} (58. Nc4) 58... Kxg4 $4 {[%eval -62,29] [%wdl 0,906,94] Blunder. Nd3+ was best.} (58... Nd3+ 59. Ke2 Nc1+ 60. Ke1 (60. Kd1 $2 e2+ 61. Ke1 Kxg4 $19) (60. Kf1 Kxg4 61. Ne5+ Kxh5 62. Kg2 e2 63. Kf2 Kh4 64. Nf3+) 60... Kxg4 61. Ne5+ Kxh5) 59. Nxh6+ $4 {[%eval -32735,55] [%wdl 0,0,1000][%mdl 8192] Blunder. Ke2 was best. [#]} (59. Ke2) 59... Kxh5 $4 {[%eval 0,73] [%wdl 3,994,3] Blunder. Kf3 was best.} (59... Kf3 60. Kd1 (60. Ng8 Nd3+ 61. Kd1 e2+ 62. Kc2 e1=Q 63. Kxd3 Qe4+ 64. Kc3 Qd5 65. Nf6) 60... Nd3 61. Nf5 e2+ 62. Kd2 e1=Q+ 63. Kxd3 Qe4+ 64. Kd2 Qxf5 65. h6 Ke4 66. Kc3 Qxa5+ 67. Kc2 Kd4 68. Kb2 Qc3+ 69. Ka2 Qc2+ 70. Ka1 Kc3 71. h7 Qb2#) 60. Nf5 {[%eval 0,0] The position is equal.} Nc6 {[%eval 13,0]} 61. Nxe3 {[%eval 14,0]} Nxa5 {[%eval 17,0]} 62. Kd2 {[%eval 12,0]} Kg5 {[%eval 0,0]} 63. Kc3 {[%eval 0,0]} Nb7 {[%eval 0,0]} 64. Kb4 {[%eval 2,0]} Kf4 {[%eval 2,0] Weighted Error Value: White=0.57/Black=0.60 PRECISÃO STOCKFISH 17.1: BRANCAS 83% PRETAS 82%} 1/2-1/2